Statistiques concernant Culture Générale - Série 2223

Cliquez ici pour prendre le quiz!

Statistiques générales

  • Ce quiz a été pris 111 fois
  • Le résultat moyen est 6 sur 10

Statistiques - réponses

QuestionRéponse% Correct
A quel art est associé René Magritte ?peinture
93%
Quel pays européen est surnommé "le pays des mille lacs." ?Finlande
85%
Quel était la nationalité de René Magritte (1898-1967) ?belge
83%
A quel pays appartient l'île, située en mer Ionienne, dont le nom figure dans le titre de la chanson de Nana Mouskouri "Roses blanches de ...Grèce
72%
Quelle est la capitale du Monténégro ?Podgorica
64%
Au Royaume Uni, qui est devenu premier ministre à la place de Theresa May en juillet 2019 ? prénom et nomBoris Johnson
63%
Quelle est la capitale de l’industrie diamantaire ?Anvers
46%
Quel pays d'Amérique du sud est dans le titre d'une chanson de Michel Sardou : " Le ... n'est plus ce qu'il était" ?Paraguay
46%
Quel grand lac des Etats Unis partage les frontières du Michigan, du Wisconsin, du Minnesota et de l’Ontario ?Supérieur
44%
Quel était le prénom du médecin, missionnaire protestant et explorateur écossais Livingstone ? voir photoDavid
28%

Distribution des résultats

Percentile par nombre de réponses

% des personnes avec chaque résultat

Votre développement - résultats

Vous n’avez pas pris ce quiz